Sanat - ”Kolmatta Linjaa Takaisin" - Fredi - Statistics

Yleistilastot
  • Tätä visaa on pelattu 115 kertaa
  • Keskiarvotulos 72 / 123
Vastaustilastot
Sanat % Oikein
kolmatta
100%
linjaa
100%
takaisin,
98%
kuljen
97%
92%
92%
ja
89%
kun
85%
Kun
85%
kerran
81%
kerran,
81%
on,
81%
on
81%
On
81%
sen
77%
saa
76%
Saa
76%
rahaa
74%
taa
71%
takaan
71%
vanhat
63%
en
58%
jokainen
56%
lantin,
55%
saatavat
55%
vain
55%
niin
53%
velkaa
52%
femman
50%
kuin
50%
jäin
47%
portsari
47%
jonka
45%
jäänyt
44%
näin
44%
yhtä
44%
Antin,
42%
maksan
42%
tiedän,
42%
tiedän
42%
heitän -
40%
luun
40%
mut
40%
Oivan
40%
herran
39%
pantin,
37%
voi
35%
kymppikäärölläin
32%
askelin,
31%
kelloni
31%
koskaan
31%
Limperin
31%
että
29%
jos
27%
Mutta
26%
sille
26%
ostaa,
24%
ostaa
24%
käyn
23%
nuoruusaika
23%
nuoruutein
23%
nuoruuttain
23%
tuo
23%
Voin
23%
voin
23%
kädestäin
21%
lämpöä
21%
löydän
21%
ilkeät
19%
iskut
18%
itsetuntoa
18%
kostaa,
18%
nostaa
18%
sain
18%
jotka
16%
sylin
16%
shekkivihollain
11%
tahdon
11%
noin
8%
Ehtoja vastaavia visoja ei löytynyt
Tulosjakauma
Jokaisen tuloksen saaneiden osuus
Persentiili vastausten määrän mukaan
Tuloshistoriasi
Et ole pelannut tätä visaa